000 00920nam a2200253 a 4500
008 110815s2000 sp a f |||| 001 0 spa d
020 _a8445810073
041 _aspa
092 _c616.132
_l10
_sCAS
245 _aCasos clínicos en hipertensión arterial.
_nFasc.2 /
_cAntonio Coca Payeras
250 _a2a ed.
260 _aBarcelona:
_bMasson;
_c2000.
300 _a43-80 p.
500 _aCoca Payeras, A. et al. (2000). Casos clínicos en Hipertensión Arterial. Fasc.2 (2a ed.). Barcelona : Masson.
653 _aHipertensión arterial y feocromocitoma
653 _aHipertensión arterial con hipopotasemia
653 _aHipertesión arterial y glomerulonefritis crónica
653 _aHipertensión arterial y dislipemia
700 1 _aCoca Payeras, Antonio
_9791
700 1 _aAranda Lara, Pedro
_9792
700 1 _aMarín Iranzo, Rafael
_9793
700 1 _aCalvo Gómez, Carlos
_9794
942 _2ddc
_cBK
999 _c1140
_d1140